مكتبة جامعة عجلون الوطنية

فهرس بحث المكتبة

Normal view MARC view
  • الأدب العربي - تاريخ ونقد - اللغة العربية - كتابة - تاريخ

Entry Topical Term

Number of records used in: 1

001 - CONTROL NUMBER

  • control field: 14490

003 - CONTROL NUMBER IDENTIFIER

  • control field: JO-AjAnu

005 - DATE AND TIME OF LATEST TRANSACTION

  • control field: 20230606072620.0

008 - FIXED-LENGTH DATA ELEMENTS

  • fixed length control field: 230606|| aca||aabn | a|a d

040 ## - CATALOGING SOURCE

  • Original cataloging agency: JO-AjAnu
  • Transcribing agency: JO-AjAnu

150 ## - HEADING--TOPICAL TERM

  • Topical term or geographic name entry element: الأدب العربي - تاريخ ونقد - اللغة العربية - كتابة - تاريخ

670 ## - SOURCE DATA FOUND

  • Source citation: Work cat.: (JO-AjAnu)7444: تأليف الأثري،محمد بهجة, author 14489, نظرات فاحصة في قواعد رسم الكتابة، وضوبط اللغة، وطريقة تدوين تاريخ الأدب العربي